000 00397pab a2200157 454500
008 180718b2005 xxu||||| |||| 00| 0 eng d
100 _aKhan, Amir Ullah
245 _aGlobalisation: issues and prospects for South Asia
260 _c2005
300 _ap.49-64.
362 _aJan-Jun
650 _aGlobalization - South Asia
650 _aGlobalization
773 _aPranjana
909 _a66779
999 _c66779
_d66779